000
00338nam a2200145Ia 4500
008
150201s2005 xx 000 0 und d
082
_a
618
_b
G2005P
100
_a
PADUBIDRI V.G.
245
_a
TEXT BOOK OF GYNACOLOGY
250
_a
13TH
260
_b
ELSEVIER
_a
DELHI
_c
2005
300
_a
1-480
650
_a
GYNAECOLOGY
942
_2
ddc
_c
BK
999
_c
3906
_d
3906